000 00881nam a2200241 a 4500
001 5572
003 BD-RjUL
005 20211208234105.0
008 181212r19651964pk 000 0 eng
035 _a(BD-RjUL)5610
040 _aDLC
_cCarP
_dDLC
_dBD-RjUL
_beng
041 _aeng
082 _223
_a336.549
_bPAC V-1 1965
110 1 _aPakistan.
_bMinistry of Finance.
_917467
245 1 0 _aCompilation of the fundamental rules and supplementary rules made by the Governor-General, including orders, etc., issued by the Central Government, Auditor General, etc.
_cPakistan. Ministry of Finance.
250 _a1st ed. (Reprint)
260 _aKarachi :
_bManager of Publications,
_c1964 [Reprint 1965.]
300 _av, 400, 2 p. ;
_c25 cm.
505 _aVol. 1 --
650 0 _aCivil service
_zPakistan.
_917468
650 0 _aPublic Finance
_zPakistan
_9225905
942 _2ddc
_cRAR
999 _c5572
_d5572